[Event "262nd YMCA Summer B"]
[Site "Warsaw"]
[Date "2022.08.10"]
[Round "9"]
[White "Przybylik, Mariusz"]
[Black "Zawadzki, Wojciech"]
[Result "1-0"]
[WhiteElo "1058"]
[BlackElo "1343"]
[PlyCount "63"]
[EventDate "2022.06.29"]
[EventType "tourn"]
[EventRounds "1"]
[EventCountry "POL"]
[SourceDate "2022.07.01"]

1. d4 Nf6 2. Bf4 e6 3. e3 c5 4. Nf3 Nc6 5. c3 d5 6. Nbd2 Nh5 7. Bg5 Qb6 8. Qb3
c4 9. Qc2 h6 10. Bh4 g5 11. Bg3 Nxg3 12. fxg3 Qc7 13. Be2 b5 14. a3 f5 15. O-O
Bd6 16. a4 g4 17. Nh4 Bxg3 18. hxg3 Qxg3 19. Ng6 Qxe3+ 20. Kh1 Rg8 21. Nf4 b4
22. cxb4 Qg3 23. Qc3 Qh4+ 24. Kg1 g3 25. Nh3 Nxd4 26. Bd1 Rg4 27. Nf3 Nxf3+ 28.
Rxf3 f4 29. Qe5 Bb7 30. Qxe6+ Kf8 31. Qd6+ Kg7 32. Qc7+ 1-0

[Event "262nd YMCA Summer B"]
[Site "Warsaw"]
[Date "2022.08.12"]
[Round "10"]
[White "Jaroszuk, Marcin"]
[Black "Kozak, Jan"]
[Result "1-0"]
[WhiteElo "1483"]
[BlackElo "1303"]
[PlyCount "87"]
[EventDate "2022.06.29"]
[EventType "tourn"]
[EventRounds "1"]
[EventCountry "POL"]
[SourceDate "2022.07.01"]

1. d4 Nf6 2. Nf3 g6 3. g3 Bg7 4. Bg2 d6 5. O-O O-O 6. c4 c5 7. dxc5 dxc5 8. Nc3
Nc6 9. Be3 Be6 10. Ng5 Bxc4 $11 11. Qa4 h6 12. Qxc4 hxg5 13. Bxg5 Qd4 14. Qb5
Qb4 15. Rfd1 Qxb5 16. Nxb5 Ne5 17. Rac1 b6 18. Bxa8 Rxa8 19. Nc7 Rc8 20. Bxf6
Rxc7 21. Rd8+ Kh7 22. Bxg7 Kxg7 23. Rcd1 Kf6 24. b3 Ke6 25. R8d2 Nc6 26. e3 Ne5
27. Kg2 Nd7 28. Kf3 Ne5+ 29. Kg2 Nd7 30. f4 Nf6 31. Kf3 Ne8 32. g4 Nd6 33. h4
Rc8 34. Rd5 f5 35. Re5+ Kf7 36. Rh1 c4 37. gxf5 Nxf5 38. bxc4 Rxc4 39. h5 Kg7
40. Rg1 Rc5 41. Rxc5 bxc5 42. Rxg6+ Kf7 43. Rc6 Nd6 44. Rxc5 1-0

[Event "262nd YMCA Summer B"]
[Site "Warsaw"]
[Date "2022.08.03"]
[Round "10"]
[White "Kwiek, Janusz"]
[Black "Berdyga, Mariusz"]
[Result "1-0"]
[WhiteElo "1432"]
[BlackElo "1401"]
[PlyCount "159"]
[EventDate "2022.06.29"]
[EventType "tourn"]
[EventRounds "1"]
[EventCountry "POL"]
[SourceDate "2022.07.01"]

1. Nf3 Nc6 2. d4 d5 3. g3 f6 4. Bg2 e5 5. dxe5 fxe5 6. e4 d4 7. O-O Bg4 8. Qd3
Qd7 9. a3 Nf6 10. Re1 Be7 11. Nbd2 a6 12. b4 O-O 13. Ng5 Bd8 14. f3 Be6 15. Nb3
b6 16. Nxe6 Qxe6 17. Bb2 Be7 18. Rad1 Bd6 19. Re2 Ne7 20. Nd2 c5 21. bxc5 bxc5
22. Nc4 Rfb8 23. Nxd6 Rxb2 24. Qc4 Nfd5 25. exd5 Qxd6 26. Bh3 Kh8 27. Be6 Rf8
28. Kg2 Nf5 29. Bxf5 Rxf5 30. Rd3 Rb8 31. Rb3 Rbf8 32. Re4 h6 33. g4 R5f7 34.
Qe2 Re7 35. Qc4 Rd8 36. Qd3 Qxd5 37. Qxa6 c4 38. Rb5 Qa8 39. Qxa8 Rxa8 40. Rc5
Rxa3 41. Rxc4 Ra2 42. Kg3 g5 43. Rcxd4 exd4 44. Rxe7 Rxc2 45. Rd7 Rd2 46. h4
gxh4+ 47. Kxh4 d3 48. Kh5 Kg8 49. Kxh6 Kf8 50. Kg5 Ke8 51. Rd4 Ke7 52. Kf4 Kf6
53. Ke3 Re2+ 54. Kxd3 Re1 55. Re4 Rf1 56. Ke3 Kg5 57. Re5+ Kf6 58. Rf5+ Kg6 59.
Kf4 Rg1 60. Ra5 Rf1 61. Ra6+ Kg7 62. Ra3 Kg6 63. Ra6+ Kg7 64. Ra2 Kg6 65. Kg3
Kg5 66. f4+ Kg6 67. Ra6+ Kg7 68. f5 Kf7 69. Kh4 Rg1 70. Kg5 Rg2 71. Ra7+ Kf8
72. Kf6 Kg8 73. g5 Rb2 74. Ra6 Rb7 75. g6 Rb8 76. Kg5 Rf8 77. f6 Rd8 78. Ra7
Kh8 79. Kh6 Kg8 80. f7+ 1-0